• 首页
  • 本馆介绍
  • 公告通知
  • 最新文献
  • 馆藏检索
  • 电子资源
  • 读者荐购
  • 参考咨询
  • CALIS
  • 我的图书馆
  • 登录
  • 详细信息显示
  • 放入我的书架
  • 预约/预借图书
  • 作者相关作品
  • 分类相关作品
  • 丛书相关作品
  • 出版社相关作品

书目信息

  • 表格格式
  • 工作单格式
  • 卡片格式
题名:
劳模
    
 
作者: 陈玉福 著
分册: 第三部   大创业故事
出版信息: 北京   中国言实出版社  2022.01
页数: 307页
开本: 24cm
丛书名:
单 册:
中图分类: I247.57
科图分类:
主题词: 长篇小说--chang pian xiao shuo--中国--当代
电子资源:
ISBN: 978-7-5171-3902-7
 
 
 
 
 
000 01118nam0 2200229 450
001 011025152832
005 20221025152832.0
010    @a978-7-5171-3902-7@b精装@dCNY74.50
100    @a20201004d2022 em y0chiy0120 ea
101 0  @achi
102    @aCN@b110000
105    @ay z 000ay
106    @ar
200 1  @a劳模@Alao mo@h第三部@i大创业故事@f陈玉福著
210    @a北京@c中国言实出版社@d2022.01
215    @a307页@d24cm
330    @a长篇小说《劳模》由《事业与爱情》《火红的年代》《大创业故事》《年轻副省长》四部曲组成,主要讲述了20世纪30年代末到21世纪初,由工人、企业家组成的劳模世家三代人跨世纪的情感生活和拼搏奋斗的故事。作品聚焦振兴东北老工业基地,展现了在改革开放的时代大潮下,国有企业波澜壮阔的发展图景。小说人物众多,但繁而不乱,主要形象较为鲜活,刻画的章小凤、郝祖国、路鸣、郝立京、骆子、黑一海等人物较有群体代表性。四部曲每一部作品都打上了时代的烙印,来源于生活而高于生活,具有很强的代入感。
517 1  @a大创业故事@Ada chuang ye gu shi
606 0  @a长篇小说@Achang pian xiao shuo@y中国@z当代
690    @aI247.57@v5
701  0 @a陈玉福@Achen yu fu@4著
905    @a河南城建学院图书馆@dI247.57@eC6313
    
    劳模.第三部.大创业故事/陈玉福著.-北京:中国言实出版社,2022.01
    307页;24cm
    
    
    ISBN 978-7-5171-3902-7(精装):CNY74.50
    长篇小说《劳模》由《事业与爱情》《火红的年代》《大创业故事》《年轻副省长》四部曲组成,主要讲述了20世纪30年代末到21世纪初,由工人、企业家组成的劳模世家三代人跨世纪的情感生活和拼搏奋斗的故事。作品聚焦振兴东北老工业基地,展现了在改革开放的时代大潮下,国有企业波澜壮阔的发展图景。小说人物众多,但繁而不乱,主要形象较为鲜活,刻画的章小凤、郝祖国、路鸣、郝立京、骆子、黑一海等人物较有群体代表性。四部曲每一部作品都打上了时代的烙印,来源于生活而高于生活,具有很强的代入感。
●
相关链接 在E读中查询图书 在当当中查询图书 在豆瓣中查询图书


正题名:劳模     索取号:I247.57/C6313         预约/预借

序号 登录号 条形码 馆藏地/架位号 状态 备注
1 1586004   215860049   文学库108/108文学库 47排3列1层/ [索取号:I247.57/C6313] 在馆    
河南城建学院图书馆 欢迎您!
大连网信软件有限公司© 版权所有